01367nam a22002417a 450000500170000000800410001702000150005804000070007304100080008008200230008810000420011124500770015326000650023030000300029552006260032565000180095165000150096965000160098465000300100065000230103065000260105370000460107920211108124804.0211108b ||||| |||| 00| 0 eng d a0070531544 cAL aeng 223a303.4833bKALE aA P J Abdul Kalam: A Sivathanu Pillai aEnvisioning and Empowered Nation: Technology for Societal Transformation aNew DelhibTata McGraw Hill Publishing Company Limitedc2004 axix,255 p.bHBc24x16 cm. aThis book brings out the role and importance of technology for the nation’s development and is presented here as a roadmap which will benefit students and youth to contribute in achieving missions leading to Developed India. It also identifies the role of Indians working in fields like design, manufacturing, healthcare, agriculture, education, law, information and communication technology, administration and so on. Also, the book will be of interest to the great Indian family, including NRIs and NGOs for participating in Nation building. uhttps://www.bibliomed.org/mnsfulltext/197/197-1608529517.pdf?1636355650 aSocial Change aTechnology aAgriculture aSatellite Launch Vehicles aAerospace Vehicles aHealthcare Revolution aKALAM (A P J Abdul): PILLAI (A Sivathanu)